000 00678nam a2200241Ia 4500
003 OSt
005 20220918185213.0
006 a|||||r|||| 00| 0
007 ta
008 220917b |||||||| |||| 00| 0 eng d
024 _a50,096
037 _cTextual
040 _aARTS
_cARTS
_beng
041 _2eng
_aeng
082 _aP:(G), J8-;1 (PD)
100 _aGune Pandurang Damodar
245 0 _aIntroduction to comparative philogy ed by N P Gune
260 _aPoona
_bPoona Oriental Books House
_c1958
300 _axxii,325p.
_ccm.
650 _aLINGUISTICS
942 _hP:(G), J8-;1 (PD)
_cTEXL
_2CC
999 _c179695
_d179695